[Event "Open"]
[Site "Saint Louis, US"]
[Date "2025.10.13"]
[Round "2"]
[White "Shankland, Sam"]
[Black "Swiercz, Dariusz"]
[Result "1-0"]
[Board "2"]
[WhiteFideId "2004887"]
[BlackFideId "1126881"]
[WhiteTitle "GM"]
[BlackTitle "GM"]
[WhiteElo "2654"]
[BlackElo "2577"]
[WhiteTeam "USA"]
[BlackTeam "USA"]
[WhiteClock "0:24:28"]
[BlackClock "0:00:32"]
[Variant "Standard"]

1. e4 {[%clk 1:30:50]}  e5 {[%clk 1:30:51]} 2. Nf3 {[%clk 1:31:15]}  Nc6 {[%clk 1:31:18]} 3. Bc4 {[%clk 1:31:37]}  Bc5 {[%clk 1:31:39]} 4. c3 {[%clk 1:32:00]}  Nf6 {[%clk 1:32:04]} 5. d3 {[%clk 1:32:25]}  O-O {[%clk 1:32:23]} 6. Nbd2 {[%clk 1:32:33]}  d6 {[%clk 1:28:05]} 7. b4 {[%clk 1:29:47]}  Bb6 {[%clk 1:27:53]} 8. a4 {[%clk 1:31:25]}  a5 {[%clk 1:21:54]} 9. b5 {[%clk 1:31:51]}  Ne7 {[%clk 1:22:22]} 10. O-O {[%clk 1:32:11]}  Ng6 {[%clk 1:16:40]} 11. d4 {[%clk 1:29:49]}  Re8 {[%clk 1:02:33]} 12. Qc2 {[%clk 1:25:56]}  c6 {[%clk 0:54:50]} 13. dxe5 {[%clk 1:16:04]}  Nxe5 {[%clk 0:54:53]} 14. Nxe5 {[%clk 1:16:28]}  dxe5 {[%clk 0:47:29]} 15. Ba3 {[%clk 1:12:50]}  Qc7 {[%clk 0:45:07]} 16. Rab1 {[%clk 1:08:08]}  cxb5 {[%clk 0:37:34]} 17. Bxb5 {[%clk 1:00:07]}  Rd8 {[%clk 0:36:29]} 18. Bc4 {[%clk 0:56:07]}  Bc5 {[%clk 0:36:29]} 19. Bxc5 {[%clk 0:54:47]}  Qxc5 {[%clk 0:36:45]} 20. Qa2 {[%clk 0:54:18]}  Qc7 {[%clk 0:33:53]} 21. Rfd1 {[%clk 0:52:46]}  Rf8 {[%clk 0:30:58]} 22. Qb3 {[%clk 0:42:53]}  Bd7 {[%clk 0:20:09]} 23. Bd5 {[%clk 0:40:20]}  Bc6 {[%clk 0:20:35]} 24. Qc4 {[%clk 0:32:49]}  Rac8 {[%clk 0:09:29]} 25. Nf3 {[%clk 0:23:54]}  Qe7 {[%clk 0:09:55]} 26. Bxc6 {[%clk 0:20:53]}  Rxc6 {[%clk 0:10:21]} 27. Qd3 {[%clk 0:20:27]}  Rfc8 {[%clk 0:10:15]} 28. Rb3 {[%clk 0:18:31]}  h6 {[%clk 0:10:08]} 29. h3 {[%clk 0:17:43]}  Qc7 {[%clk 0:06:21]} 30. Qb1 {[%clk 0:12:55]}  b6 {[%clk 0:06:46]} 31. Rb5 {[%clk 0:12:33]}  Rxc3 {[%clk 0:02:08]} 32. Rxb6 {[%clk 0:11:47]}  Rc1 {[%clk 0:02:29]} 33. Rxc1 {[%clk 0:12:01]}  Qxc1+ {[%clk 0:02:56]} 34. Qxc1 {[%clk 0:12:26]}  Rxc1+ {[%clk 0:03:23]} 35. Kh2 {[%clk 0:12:50]}  Nxe4 {[%clk 0:01:18]} 36. Nxe5 {[%clk 0:13:05]}  Ra1 {[%clk 0:00:55]} 37. f3 {[%clk 0:12:34]}  Nf6 {[%clk 0:01:18]} 38. Rb8+ {[%clk 0:11:40]}  Kh7 {[%clk 0:01:47]} 39. Nxf7 {[%clk 0:11:43]}  Rxa4 {[%clk 0:01:56]} 40. g4 {[%clk 0:11:58]}  Ra2+ {[%clk 0:00:36]} 41. Kg3 {[%clk 0:12:23]}  Re2 {[%clk 0:25:59]} 42. Ra8 {[%clk 0:41:25]}  Re7 {[%clk 0:21:40]} 43. Nd6 {[%clk 0:41:17]}  Rd7 {[%clk 0:21:50]} 44. Nc4 {[%clk 0:40:58]}  Rc7 {[%clk 0:15:46]} 45. Ne3 {[%clk 0:38:25]}  Rc3 {[%clk 0:12:08]} 46. Kf2 {[%clk 0:38:45]}  Rc5 {[%clk 0:12:34]} 47. Ra7 {[%clk 0:37:42]}  Nd5 {[%clk 0:10:44]} 48. Nf5 {[%clk 0:37:56]}  Rc7 {[%clk 0:10:30]} 49. Rxa5 {[%clk 0:38:17]}  Nf4 {[%clk 0:10:57]} 50. h4 {[%clk 0:37:50]}  g6 {[%clk 0:11:26]} 51. Ne3 {[%clk 0:37:29]}  Re7 {[%clk 0:11:02]} 52. Nc4 {[%clk 0:35:58]}  Rc7 {[%clk 0:08:12]} 53. Ra4 {[%clk 0:34:26]}  Nd5 {[%clk 0:05:06]} 54. Nd6 {[%clk 0:33:03]}  Rd7 {[%clk 0:02:54]} 55. Ne4 {[%clk 0:33:16]}  Rf7 {[%clk 0:03:10]} 56. Ra6 {[%clk 0:30:14]}  Nf4 {[%clk 0:02:13]} 57. Rd6 {[%clk 0:29:07]}  Kg7 {[%clk 0:02:27]} 58. Rd2 {[%clk 0:28:59]}  Ne6 {[%clk 0:02:34]} 59. Ke3 {[%clk 0:27:35]}  Re7 {[%clk 0:02:51]} 60. Rd5 {[%clk 0:26:58]}  Nf8 {[%clk 0:01:17]} 61. Kf2 {[%clk 0:25:24]}  Nd7 {[%clk 0:00:45]} 62. h5 {[%clk 0:24:39]}  Ne5 {[%clk 0:01:12]} 63. Ng3 {[%clk 0:24:31]}  Nf7 {[%clk 0:01:01]} 64. Ra5 {[%clk 0:24:10]}  Rd7 {[%clk 0:01:06]} 65. hxg6 {[%clk 0:23:59]}  Kxg6 {[%clk 0:01:35]} 66. Nf5 {[%clk 0:24:21]}  Rd3 {[%clk 0:00:47]} 67. f4 {[%clk 0:23:17]}  Rb3 {[%clk 0:00:33]} 68. Ra6+ {[%clk 0:23:37]}  Kh7 {[%clk 0:01:02]} 69. Rf6 {[%clk 0:23:46]}  Rb7 {[%clk 0:01:22]} 70. Kg3 {[%clk 0:23:49]}  Ra7 {[%clk 0:00:34]} 71. Kh4 {[%clk 0:24:09]}  Rb7 {[%clk 0:00:32]} 72. Kh5 {[%clk 0:24:28]} 1-0

[Event "Open"]
[Site "Saint Louis, US"]
[Date "2025.10.13"]
[Round "2"]
[White "Aronian, Levon"]
[Black "Liang, Awonder"]
[Result "1/2-1/2"]
[Board "3"]
[WhiteFideId "13300474"]
[BlackFideId "2056437"]
[WhiteTitle "GM"]
[BlackTitle "GM"]
[WhiteElo "2722"]
[BlackElo "2710"]
[WhiteTeam "USA"]
[BlackTeam "USA"]
[WhiteClock "0:48:59"]
[BlackClock "0:36:15"]
[Variant "Standard"]

1. d4 {[%clk 1:30:56]}  d5 {[%clk 1:30:07]} 2. c4 {[%clk 1:31:20]}  e6 {[%clk 1:30:31]} 3. Nc3 {[%clk 1:31:46]}  Nf6 {[%clk 1:28:39]} 4. cxd5 {[%clk 1:32:10]}  exd5 {[%clk 1:29:03]} 5. Bg5 {[%clk 1:32:36]}  Be7 {[%clk 1:29:25]} 6. e3 {[%clk 1:33:00]}  h6 {[%clk 1:29:25]} 7. Bh4 {[%clk 1:33:25]}  O-O {[%clk 1:29:23]} 8. Bd3 {[%clk 1:33:44]}  c6 {[%clk 1:29:44]} 9. Qc2 {[%clk 1:30:22]}  Re8 {[%clk 1:29:57]} 10. Nge2 {[%clk 1:26:53]}  Nbd7 {[%clk 1:28:52]} 11. O-O {[%clk 1:26:52]}  Nh5 {[%clk 1:29:11]} 12. Bxe7 {[%clk 1:27:02]}  Qxe7 {[%clk 1:29:39]} 13. Rae1 {[%clk 1:26:57]}  Ndf6 {[%clk 1:13:37]} 14. Nd1 {[%clk 1:26:34]}  Nd7 {[%clk 1:03:20]} 15. f3 {[%clk 1:25:54]}  c5 {[%clk 1:01:58]} 16. dxc5 {[%clk 1:20:01]}  Qxc5 {[%clk 0:59:43]} 17. Nd4 {[%clk 1:15:04]}  Nhf6 {[%clk 0:56:29]} 18. Nc3 {[%clk 1:10:58]}  Ne5 {[%clk 0:56:08]} 19. Ncb5 {[%clk 1:10:46]}  Qxc2 {[%clk 0:52:00]} 20. Bxc2 {[%clk 1:10:06]}  Re7 {[%clk 0:51:37]} 21. Bb3 {[%clk 1:08:58]}  b6 {[%clk 0:47:36]} 22. Rc1 {[%clk 1:04:25]}  Ba6 {[%clk 0:39:42]} 23. Rfd1 {[%clk 1:02:43]}  Bxb5 {[%clk 0:37:33]} 24. Nxb5 {[%clk 1:03:07]}  Nc4 {[%clk 0:37:24]} 25. e4 {[%clk 0:57:32]}  Nxb2 {[%clk 0:25:36]} 26. Rd4 {[%clk 0:57:39]}  dxe4 {[%clk 0:20:10]} 27. fxe4 {[%clk 0:55:19]}  a6 {[%clk 0:19:44]} 28. Nd6 {[%clk 0:52:08]}  b5 {[%clk 0:20:01]} 29. e5 {[%clk 0:51:45]}  Ne8 {[%clk 0:17:20]} 30. Bd5 {[%clk 0:50:48]}  Rd8 {[%clk 0:13:59]} 31. Rc6 {[%clk 0:43:51]}  Kf8 {[%clk 0:10:39]} 32. Bb3 {[%clk 0:24:24]}  Rxe5 {[%clk 0:04:35]} 33. Rxa6 {[%clk 0:23:33]}  Rxd6 {[%clk 0:03:05]} 34. Raxd6 {[%clk 0:23:41]}  Nxd6 {[%clk 0:03:34]} 35. Rxd6 {[%clk 0:24:04]}  Nc4 {[%clk 0:03:55]} 36. Rc6 {[%clk 0:15:44]}  Nd2 {[%clk 0:00:34]} 37. Bc2 {[%clk 0:08:55]}  Nc4 {[%clk 0:00:34]} 38. a4 {[%clk 0:06:25]}  Ne3 {[%clk 0:00:43]} 39. axb5 {[%clk 0:04:23]}  Rxb5 {[%clk 0:00:46]} 40. Rc8+ {[%clk 0:04:27]}  Ke7 {[%clk 0:01:11]} 41. Re8+ {[%clk 0:04:35]}  Kxe8 {[%clk 0:01:36]} 42. Ba4 {[%clk 0:05:02]}  Ke7 {[%clk 0:01:08]} 43. Bxb5 {[%clk 0:04:40]}  Ke6 {[%clk 0:29:06]} 44. Kf2 {[%clk 0:34:32]}  Nd5 {[%clk 0:29:01]} 45. h4 {[%clk 0:34:33]}  Ke5 {[%clk 0:29:26]} 46. Kf3 {[%clk 0:34:21]}  f5 {[%clk 0:29:08]} 47. g3 {[%clk 0:34:35]}  Nc3 {[%clk 0:29:27]} 48. Bd3 {[%clk 0:34:39]}  Ne4 {[%clk 0:28:47]} 49. Bb5 {[%clk 0:35:02]}  Nd2+ {[%clk 0:29:12]} 50. Ke3 {[%clk 0:35:19]}  Nb3 {[%clk 0:29:36]} 51. Bc4 {[%clk 0:35:23]}  Nd4 {[%clk 0:30:01]} 52. Bd3 {[%clk 0:35:18]}  Ne6 {[%clk 0:30:24]} 53. Kf3 {[%clk 0:35:28]}  Nd8 {[%clk 0:30:45]} 54. Bc4 {[%clk 0:35:32]}  Nc6 {[%clk 0:31:08]} 55. Bd3 {[%clk 0:35:16]}  Ne7 {[%clk 0:31:26]} 56. Bc4 {[%clk 0:35:35]}  Nc8 {[%clk 0:31:22]} 57. Bd3 {[%clk 0:35:40]}  Nb6 {[%clk 0:31:44]} 58. Bb5 {[%clk 0:36:02]}  Na8 {[%clk 0:32:07]} 59. Bd3 {[%clk 0:36:23]}  Nc7 {[%clk 0:32:32]} 60. Bc4 {[%clk 0:36:48]}  Ne8 {[%clk 0:32:29]} 61. Bd3 {[%clk 0:36:38]}  Nf6 {[%clk 0:32:54]} 62. Bc2 {[%clk 0:36:51]}  Ng4 {[%clk 0:33:16]} 63. Bd3 {[%clk 0:37:08]}  Nh2+ {[%clk 0:33:41]} 64. Kg2 {[%clk 0:37:30]}  Ng4 {[%clk 0:34:08]} 65. Kf3 {[%clk 0:37:55]}  Nf6 {[%clk 0:34:33]} 66. Bc2 {[%clk 0:38:22]}  Nd5 {[%clk 0:34:49]} 67. Bb3 {[%clk 0:38:39]}  Nb4 {[%clk 0:35:11]} 68. Ba4 {[%clk 0:38:55]}  Na6 {[%clk 0:35:35]} 69. Bb5 {[%clk 0:39:14]}  Nc5 {[%clk 0:35:33]} 70. Bc4 {[%clk 0:39:39]}  Na4 {[%clk 0:35:35]} 71. Bb5 {[%clk 0:39:56]}  Nc3 {[%clk 0:35:58]} 72. Bd3 {[%clk 0:40:20]}  Nd1 {[%clk 0:36:11]} 73. Be2 {[%clk 0:40:37]}  Nb2 {[%clk 0:36:32]} 74. Bb5 {[%clk 0:41:02]}  Nd1 {[%clk 0:36:59]} 75. Be2 {[%clk 0:41:27]}  Nc3 {[%clk 0:37:26]} 76. Bd3 {[%clk 0:41:52]}  Na2 {[%clk 0:37:44]} 77. Bc4 {[%clk 0:42:10]}  Nb4 {[%clk 0:38:07]} 78. Bb5 {[%clk 0:42:16]}  Nc2 {[%clk 0:38:30]} 79. Bc4 {[%clk 0:42:38]}  Nd4+ {[%clk 0:38:52]} 80. Ke3 {[%clk 0:43:02]}  Nc6 {[%clk 0:39:10]} 81. Bb5 {[%clk 0:43:16]}  Ne7 {[%clk 0:39:33]} 82. Kf3 {[%clk 0:43:41]}  Ng6 {[%clk 0:39:57]} 83. Bd3 {[%clk 0:43:57]}  Nf8 {[%clk 0:40:19]} 84. Bc2 {[%clk 0:44:07]}  Nd7 {[%clk 0:40:41]} 85. Ba4 {[%clk 0:44:20]}  Nc5 {[%clk 0:40:07]} 86. Bc2 {[%clk 0:44:19]}  Ne6 {[%clk 0:40:30]} 87. Bd3 {[%clk 0:44:43]}  Nd4+ {[%clk 0:40:52]} 88. Ke3 {[%clk 0:45:07]}  Nb3 {[%clk 0:41:17]} 89. Bc2 {[%clk 0:45:19]}  Na5 {[%clk 0:41:41]} 90. Bd3 {[%clk 0:45:40]}  Nb7 {[%clk 0:41:49]} 91. Kf3 {[%clk 0:45:51]}  Nd6 {[%clk 0:42:09]} 92. Bc2 {[%clk 0:46:07]}  Nc4 {[%clk 0:42:31]} 93. Bd3 {[%clk 0:46:29]}  Nd2+ {[%clk 0:42:50]} 94. Ke3 {[%clk 0:46:51]}  Ne4 {[%clk 0:43:14]} 95. Kf3 {[%clk 0:47:17]}  Nc5 {[%clk 0:43:25]} 96. Bc2 {[%clk 0:47:12]}  g5 {[%clk 0:40:48]} 97. hxg5 {[%clk 0:47:36]}  hxg5 {[%clk 0:41:14]} 98. Bb1 {[%clk 0:47:47]}  Ne4 {[%clk 0:35:05]} 99. Ba2 {[%clk 0:47:34]}  g4+ {[%clk 0:34:29]} 100. Kg2 {[%clk 0:47:56]}  f4 {[%clk 0:34:51]} 101. gxf4+ {[%clk 0:48:21]}  Kxf4 {[%clk 0:35:19]} 102. Bd5 {[%clk 0:48:43]}  g3 {[%clk 0:35:46]} 103. Bxe4 {[%clk 0:49:08]}  Kxe4 {[%clk 0:36:15]} 104. Kxg3 {[%clk 0:48:59]} 1/2-1/2

[Event "Open"]
[Site "Saint Louis, US"]
[Date "2025.10.13"]
[Round "2"]
[White "Mishra, Abhimanyu"]
[Black "Sevian, Samuel"]
[Result "1/2-1/2"]
[Board "4"]
[WhiteFideId "30920019"]
[BlackFideId "2040506"]
[WhiteTitle "GM"]
[BlackTitle "GM"]
[WhiteElo "2652"]
[BlackElo "2698"]
[WhiteTeam "USA"]
[BlackTeam "USA"]
[WhiteClock "0:03:00"]
[BlackClock "0:06:19"]
[Variant "Standard"]

1. d4 {[%clk 1:30:59]}  Nf6 {[%clk 1:30:47]} 2. c4 {[%clk 1:31:23]}  e6 {[%clk 1:30:50]} 3. Nf3 {[%clk 1:31:48]}  d5 {[%clk 1:31:05]} 4. g3 {[%clk 1:32:13]}  dxc4 {[%clk 1:28:31]} 5. Bg2 {[%clk 1:32:25]}  Nc6 {[%clk 1:23:09]} 6. Qa4 {[%clk 1:31:43]}  Bb4+ {[%clk 1:23:33]} 7. Bd2 {[%clk 1:32:04]}  Nd5 {[%clk 1:23:52]} 8. Bxb4 {[%clk 1:32:04]}  Ndxb4 {[%clk 1:24:17]} 9. Nc3 {[%clk 1:32:17]}  Bd7 {[%clk 1:23:19]} 10. O-O {[%clk 1:32:29]}  a5 {[%clk 1:22:50]} 11. Qd1 {[%clk 1:32:47]}  O-O {[%clk 1:22:29]} 12. e3 {[%clk 1:33:00]}  a4 {[%clk 1:19:38]} 13. Qe2 {[%clk 1:32:19]}  Na5 {[%clk 1:11:36]} 14. Ne5 {[%clk 1:32:36]}  Nd5 {[%clk 1:11:15]} 15. Nxd5 {[%clk 1:32:48]}  exd5 {[%clk 1:11:40]} 16. Bxd5 {[%clk 1:33:12]}  Bh3 {[%clk 1:12:06]} 17. Qf3 {[%clk 1:33:36]}  Bxf1 {[%clk 1:12:25]} 18. Bxf7+ {[%clk 1:33:50]}  Kh8 {[%clk 1:12:52]} 19. Rxf1 {[%clk 1:34:10]}  Nc6 {[%clk 1:11:01]} 20. Qh5 {[%clk 1:34:26]}  Nxe5 {[%clk 1:09:51]} 21. dxe5 {[%clk 1:34:54]}  a3 {[%clk 0:58:55]} 22. bxa3 {[%clk 1:22:01]}  Qe7 {[%clk 0:51:47]} 23. e6 {[%clk 1:10:46]}  c6 {[%clk 0:35:41]} 24. a4 {[%clk 0:53:21]}  Rxa4 {[%clk 0:14:26]} 25. Rd1 {[%clk 0:39:32]}  c3 {[%clk 0:02:57]} 26. Rd7 {[%clk 0:32:24]}  c2 {[%clk 0:03:01]} 27. Rxe7 {[%clk 0:31:35]}  c1=Q+ {[%clk 0:03:28]} 28. Kg2 {[%clk 0:31:59]}  Rxa2 {[%clk 0:03:50]} 29. Rd7 {[%clk 0:18:07]}  Qxe3 {[%clk 0:02:56]} 30. Qf5 {[%clk 0:17:47]}  Re2 {[%clk 0:02:05]} 31. Rxb7 {[%clk 0:16:56]}  h6 {[%clk 0:01:06]} 32. Rc7 {[%clk 0:11:26]}  Qa3 {[%clk 0:00:33]} 33. h4 {[%clk 0:05:05]}  Re1 {[%clk 0:01:02]} 34. Rxc6 {[%clk 0:03:36]}  Qa8 {[%clk 0:00:52]} 35. Qd5 {[%clk 0:03:35]}  Rd8 {[%clk 0:00:34]} 36. Qf3 {[%clk 0:03:08]}  Rf8 {[%clk 0:00:39]} 37. Rc3 {[%clk 0:02:15]}  Qd8 {[%clk 0:00:32]} 38. Re3 {[%clk 0:00:52]}  Rxe3 {[%clk 0:00:42]} 39. Qxe3 {[%clk 0:00:55]}  Qe7 {[%clk 0:00:49]} 40. Qf4 {[%clk 0:00:40]}  Rd8 {[%clk 0:00:32]} 41. Qf3 {[%clk 0:23:11]}  Rf8 {[%clk 0:28:36]} 42. h5 {[%clk 0:22:19]}  Rd8 {[%clk 0:25:39]} 43. Qe4 {[%clk 0:20:59]}  Rf8 {[%clk 0:24:51]} 44. Qf4 {[%clk 0:20:08]}  Qb7+ {[%clk 0:23:39]} 45. Kh2 {[%clk 0:19:58]}  Qe7 {[%clk 0:22:43]} 46. Qf5 {[%clk 0:17:06]}  Qc7 {[%clk 0:22:13]} 47. Kh3 {[%clk 0:16:47]}  Qb7 {[%clk 0:21:06]} 48. f3 {[%clk 0:15:03]}  Qc7 {[%clk 0:20:33]} 49. Qd5 {[%clk 0:14:48]}  Qe7 {[%clk 0:19:34]} 50. f4 {[%clk 0:11:47]}  Rd8 {[%clk 0:19:07]} 51. Qc6 {[%clk 0:11:59]}  Rf8 {[%clk 0:18:38]} 52. Qc4 {[%clk 0:09:36]}  Qb7 {[%clk 0:18:06]} 53. Kg4 {[%clk 0:09:05]}  Qe7 {[%clk 0:15:38]} 54. Bg6 {[%clk 0:07:19]}  Kg8 {[%clk 0:15:32]} 55. Qd5 {[%clk 0:03:35]}  Rd8 {[%clk 0:14:58]} 56. Qc6 {[%clk 0:04:00]}  Kh8 {[%clk 0:11:13]} 57. Bf7 {[%clk 0:03:51]}  Rf8 {[%clk 0:11:32]} 58. Qd5 {[%clk 0:03:15]}  Rd8 {[%clk 0:11:23]} 59. Qe5 {[%clk 0:03:22]}  Rf8 {[%clk 0:11:15]} 60. Bg6 {[%clk 0:03:47]}  Rf6 {[%clk 0:10:28]} 61. Qb8+ {[%clk 0:03:37]}  Rf8 {[%clk 0:10:52]} 62. Qe5 {[%clk 0:02:52]}  Rf6 {[%clk 0:11:14]} 63. Bf5 {[%clk 0:03:17]}  Rf8 {[%clk 0:10:46]} 64. Qe4 {[%clk 0:03:08]}  Re8 {[%clk 0:10:33]} 65. Qc6 {[%clk 0:03:06]}  Kg8 {[%clk 0:09:02]} 66. Kh3 {[%clk 0:02:57]}  Kf8 {[%clk 0:08:50]} 67. Kh2 {[%clk 0:02:15]}  Rd8 {[%clk 0:08:29]} 68. Bg6 {[%clk 0:02:15]}  Rd6 {[%clk 0:07:07]} 69. Qa8+ {[%clk 0:02:26]}  Qd8 {[%clk 0:05:21]} 70. Qe4 {[%clk 0:02:46]}  Rxe6 {[%clk 0:05:01]} 71. Qxe6 {[%clk 0:02:20]}  Qd2+ {[%clk 0:05:27]} 72. Kh3 {[%clk 0:02:40]}  Qg2+ {[%clk 0:05:51]} 73. Kh4 {[%clk 0:02:35]}  Qxg3+ {[%clk 0:06:19]} 74. Kxg3 {[%clk 0:03:00]} 1/2-1/2

[Event "Open"]
[Site "Saint Louis, US"]
[Date "2025.10.13"]
[Round "2"]
[White "Robson, Ray"]
[Black "So, Wesley"]
[Result "0-1"]
[Board "5"]
[WhiteFideId "2023970"]
[BlackFideId "5202213"]
[WhiteTitle "GM"]
[BlackTitle "GM"]
[WhiteElo "2664"]
[BlackElo "2756"]
[WhiteTeam "USA"]
[BlackTeam "USA"]
[WhiteClock "0:12:27"]
[BlackClock "0:24:28"]
[Variant "Standard"]

1. d4 {[%clk 1:30:57]}  Nf6 {[%clk 1:30:51]} 2. c4 {[%clk 1:31:09]}  e6 {[%clk 1:31:16]} 3. Nf3 {[%clk 1:31:13]}  d5 {[%clk 1:31:41]} 4. Nc3 {[%clk 1:31:18]}  dxc4 {[%clk 1:31:52]} 5. e4 {[%clk 1:30:06]}  b5 {[%clk 1:32:14]} 6. e5 {[%clk 1:29:09]}  Nd5 {[%clk 1:32:38]} 7. Nxb5 {[%clk 1:29:11]}  Nb6 {[%clk 1:32:59]} 8. Be3 {[%clk 1:22:20]}  Nc6 {[%clk 1:32:27]} 9. a3 {[%clk 1:21:57]}  Qd7 {[%clk 1:24:29]} 10. Nc3 {[%clk 1:20:10]}  Bb7 {[%clk 1:22:29]} 11. Qc2 {[%clk 1:00:27]}  Be7 {[%clk 0:59:40]} 12. Rd1 {[%clk 1:12:57]}  Na5 {[%clk 0:57:56]} 13. Be2 {[%clk 1:11:09]}  f5 {[%clk 0:57:40]} 14. exf6 {[%clk 1:03:30]}  gxf6 {[%clk 0:39:12]} 15. O-O {[%clk 0:45:34]}  Rg8 {[%clk 0:58:10]} 16. Ne4 {[%clk 0:32:34]}  Qa4 {[%clk 0:52:26]} 17. Qxa4+ {[%clk 0:28:44]}  Nxa4 {[%clk 0:52:50]} 18. Nc5 {[%clk 0:02:55]}  Nxc5 {[%clk 0:30:23]} 19. dxc5 {[%clk 0:23:54]}  Rb8 {[%clk 0:30:06]} 20. g3 {[%clk 0:22:42]}  Bd5 {[%clk 0:27:48]} 21. Nd4 {[%clk 0:20:53]}  Rxb2 {[%clk 0:19:47]} 22. Bh5+ {[%clk 0:20:17]}  Rg6 {[%clk 0:20:14]} 23. Rb1 {[%clk 0:13:13]}  Rxb1 {[%clk 0:17:16]} 24. Rxb1 {[%clk 0:13:35]}  Nb3 {[%clk 0:17:44]} 25. Nxb3 {[%clk 0:06:47]}  cxb3 {[%clk 0:18:11]} 26. Bd1 {[%clk 0:06:27]}  Kd7 {[%clk 0:12:21]} 27. Bxb3 {[%clk 0:06:49]}  Bxb3 {[%clk 0:12:37]} 28. Rxb3 {[%clk 0:07:16]}  Kc6 {[%clk 0:12:38]} 29. Rb4 {[%clk 0:06:31]}  a5 {[%clk 0:10:15]} 30. Ra4 {[%clk 0:05:11]}  Kb5 {[%clk 0:10:19]} 31. Rh4 {[%clk 0:05:02]}  Rg7 {[%clk 0:10:18]} 32. a4+ {[%clk 0:03:20]}  Kc6 {[%clk 0:10:45]} 33. Bd2 {[%clk 0:03:26]}  Bxc5 {[%clk 0:08:04]} 34. Rf4 {[%clk 0:01:29]}  Rf7 {[%clk 0:03:45]} 35. Bxa5 {[%clk 0:01:43]}  Kd5 {[%clk 0:03:53]} 36. Rg4 {[%clk 0:01:37]}  Bd4 {[%clk 0:02:52]} 37. Rg8 {[%clk 0:01:07]}  c5 {[%clk 0:02:53]} 38. Bb6 {[%clk 0:01:07]}  e5 {[%clk 0:02:57]} 39. Rd8+ {[%clk 0:00:36]}  Ke4 {[%clk 0:02:06]} 40. Rc8 {[%clk 0:00:32]}  Kf3 {[%clk 0:00:59]} 41. Bxc5 {[%clk 0:15:05]}  Rb7 {[%clk 0:30:27]} 42. h3 {[%clk 0:14:24]}  Rb1+ {[%clk 0:25:49]} 43. Kh2 {[%clk 0:14:53]}  Rc1 {[%clk 0:25:36]} 44. Bxd4 {[%clk 0:15:15]}  Rxc8 {[%clk 0:26:02]} 45. Bb6 {[%clk 0:15:36]}  Rc1 {[%clk 0:24:54]} 46. g4 {[%clk 0:12:46]}  Ra1 {[%clk 0:24:09]} 47. Bd8 {[%clk 0:12:27]}  Ra2 {[%clk 0:24:28]} 0-1

[Event "Open"]
[Site "Saint Louis, US"]
[Date "2025.10.13"]
[Round "2"]
[White "Caruana, Fabiano"]
[Black "Woodward, Andy"]
[Result "1/2-1/2"]
[Board "6"]
[WhiteFideId "2020009"]
[BlackFideId "30953499"]
[WhiteTitle "GM"]
[BlackTitle "GM"]
[WhiteElo "2789"]
[BlackElo "2590"]
[WhiteTeam "USA"]
[BlackTeam "USA"]
[WhiteClock "0:13:58"]
[BlackClock "0:14:18"]
[Variant "Standard"]

1. c4 {[%clk 1:30:56]}  e5 {[%clk 1:30:39]} 2. Nc3 {[%clk 1:31:01]}  Nf6 {[%clk 1:30:54]} 3. e3 {[%clk 1:31:23]}  Nc6 {[%clk 1:28:43]} 4. Qb3 {[%clk 1:30:18]}  Bc5 {[%clk 1:20:12]} 5. g3 {[%clk 1:10:16]}  d6 {[%clk 1:15:28]} 6. a3 {[%clk 1:08:13]}  O-O {[%clk 1:11:17]} 7. Bg2 {[%clk 1:07:48]}  Bf5 {[%clk 1:09:34]} 8. Qxb7 {[%clk 0:49:40]}  Nd4 {[%clk 1:06:10]} 9. exd4 {[%clk 0:49:21]}  exd4 {[%clk 1:06:31]} 10. Qf3 {[%clk 0:34:48]}  Bg4 {[%clk 0:53:06]} 11. Qd3 {[%clk 0:34:41]}  dxc3 {[%clk 0:48:19]} 12. dxc3 {[%clk 0:31:35]}  Re8+ {[%clk 0:47:54]} 13. Kf1 {[%clk 0:29:52]}  Nd7 {[%clk 0:45:13]} 14. Nf3 {[%clk 0:19:36]}  Ne5 {[%clk 0:36:13]} 15. Nxe5 {[%clk 0:20:01]}  Rxe5 {[%clk 0:36:37]} 16. Bf4 {[%clk 0:09:17]}  Re2 {[%clk 0:35:04]} 17. Qxe2 {[%clk 0:09:36]}  Bxe2+ {[%clk 0:35:29]} 18. Kxe2 {[%clk 0:10:04]}  Rb8 {[%clk 0:34:15]} 19. b4 {[%clk 0:10:30]}  Bb6 {[%clk 0:32:22]} 20. Bc6 {[%clk 0:10:15]}  Qf6 {[%clk 0:31:50]} 21. Rac1 {[%clk 0:10:01]}  Rd8 {[%clk 0:26:33]} 22. Rhe1 {[%clk 0:07:12]}  Qf5 {[%clk 0:22:21]} 23. h4 {[%clk 0:06:21]}  h6 {[%clk 0:22:49]} 24. Be3 {[%clk 0:03:28]}  Bxe3 {[%clk 0:18:58]} 25. Kxe3 {[%clk 0:03:55]}  Qc8 {[%clk 0:17:27]} 26. Kf3 {[%clk 0:00:55]}  Qa6 {[%clk 0:17:48]} 27. b5 {[%clk 0:01:23]}  Qxa3 {[%clk 0:18:12]} 28. Bd5 {[%clk 0:01:03]}  Kf8 {[%clk 0:14:35]} 29. Kg2 {[%clk 0:01:30]}  g6 {[%clk 0:10:00]} 30. Rc2 {[%clk 0:00:58]}  Re8 {[%clk 0:07:15]} 31. Rxe8+ {[%clk 0:01:24]}  Kxe8 {[%clk 0:07:43]} 32. Re2+ {[%clk 0:01:50]}  Kf8 {[%clk 0:08:08]} 33. Re3 {[%clk 0:02:01]}  h5 {[%clk 0:04:48]} 34. Rf3 {[%clk 0:01:41]}  f5 {[%clk 0:05:16]} 35. Re3 {[%clk 0:02:06]}  a5 {[%clk 0:04:50]} 36. bxa6 {[%clk 0:01:12]}  Qxa6 {[%clk 0:05:19]} 37. Re6 {[%clk 0:01:19]}  Qa4 {[%clk 0:05:38]} 38. Rxg6 {[%clk 0:00:47]}  c6 {[%clk 0:06:07]} 39. Bf3 {[%clk 0:01:02]}  Ke7 {[%clk 0:04:10]} 40. Rg7+ {[%clk 0:01:29]}  Kd8 {[%clk 0:00:57]} 41. Rg5 {[%clk 0:01:44]}  f4 {[%clk 0:25:29]} 42. g4 {[%clk 0:25:51]}  hxg4 {[%clk 0:23:59]} 43. Rxg4 {[%clk 0:25:01]}  Qxc4 {[%clk 0:24:15]} 44. h5 {[%clk 0:25:28]}  Qxc3 {[%clk 0:17:41]} 45. h6 {[%clk 0:17:17]}  Qh8 {[%clk 0:18:00]} 46. Rh4 {[%clk 0:16:20]}  Qh7 {[%clk 0:16:27]} 47. Bxc6 {[%clk 0:14:18]}  Ke7 {[%clk 0:15:39]} 48. Bf3 {[%clk 0:13:55]}  Qg6+ {[%clk 0:12:54]} 49. Kh2 {[%clk 0:14:15]}  Qc2 {[%clk 0:13:05]} 50. Rxf4 {[%clk 0:13:55]}  Qxf2+ {[%clk 0:13:29]} 51. Kh3 {[%clk 0:14:23]}  Qd2 {[%clk 0:12:46]} 52. Kg4 {[%clk 0:12:14]}  Qxf4+ {[%clk 0:13:02]} 53. Kxf4 {[%clk 0:12:40]}  Kf7 {[%clk 0:13:27]} 54. Kf5 {[%clk 0:13:04]}  Kg8 {[%clk 0:13:52]} 55. Kg6 {[%clk 0:13:31]}  Kh8 {[%clk 0:14:18]} 56. Bd5 {[%clk 0:13:58]} 1/2-1/2